000 00583nam a22001817a 4500
999 _c166421
_d166421
008 190723b ||||| |||| 00| 0 eng d
010 _aENG-126054
020 _a978-93-8472-675-1
_c1995.00
035 _aEN-109586
037 _bDBAD/PUB
082 _a629.8312
100 _aJairath.K.Anoop
245 _aModern Control Theory/
260 _a4821.Parwana Bhawan, 1st Floor 24 Ansari road, Darya Ganj, New Delhi
_bAne Books Pvt, Ltd.
_c2017
300 _a454p.
_c24cm(hb)
500 _aIncluding illustrations, and index.
942 _2ddc
_cEN
_h629.8312
_mJAI